Pengaturcaraan menggunakan BASIC : Langkah demi langkah

Bibliographic Details
Main Author: Iskandar Ab Rashid
Other Authors: Zaitun Ismail
Format: Book
Published: Kuala Lumpur : Venton Pub. , 2002
Subjects:

MARC

LEADER 00000cam a2200000 7i4500
001 0000003172
005 20050308.0
020 0 0 |a 9832031826 
090 0 0 |a 005.133   |b ISK 
100 0 0 |a Iskandar Ab Rashid 
245 0 0 |a Pengaturcaraan menggunakan BASIC :   |b Langkah demi langkah   |c Iskandar Ab Rashid, Zaitun Ismail 
260 0 0 |a Kuala Lumpur :   |b Venton Pub. ,   |c 2002 
300 |a 250ms. :   |b il. ;   |c 26cm.   |e 1 computer optical disc (4 3/4 in.) 
650 0 0 |a BASIC (Computer program language) 
650 0 0 |a Basic (Computer program language) \x Study and teaching 
650 0 0 |a Programming languages (Electronic computers) \x BASIC 
700 0 1 |a Zaitun Ismail 
999 |a 0000005527   |b Monograph   |c Open Shelf   |e Default branch